De remences a rendistes : els Salellas (1322-1935) / Josep M. Puig Salellas els Salellas (1322-1935) / Josep M. Puig Salellas
ISBN:
84-7935-273-6
Descripción Física:
558 p. ; 24 cm
Colección:
Estudis ; 9
Otros Autores:
Fundació Noguera
MARC
| LEADER | 00000nam a2200000Ia 4500 | ||
|---|---|---|---|
| 001 | 11522 | ||
| 008 | 160829s1996 xx 000 0 cat d | ||
| 020 | |a 84-7935-273-6 | ||
| 080 | |a H-1-264 | ||
| 100 | |a Puig Salellas, Josep M. |9 32377 | ||
| 245 | |a De remences a rendistes : |b els Salellas (1322-1935) / Josep M. Puig Salellas | ||
| 260 | |a Barcelona : |b Fundació Noguera, |c 1996 | ||
| 300 | |a 558 p. ; |c 24 cm | ||
| 490 | |a Estudis ; 9 | ||
| 590 | |a Índex | ||
| 650 | |a Salellas (Família) |9 32378 | ||
| 650 | |a Catalunya |x Història |x 1322/1935 |9 32379 | ||
| 700 | |a Fundació Noguera |9 70407 | ||
| 901 | |a Arxiu | ||
| 942 | |n 1 | ||
| 952 | |0 0 |1 0 |4 0 |6 H1264 |7 1 |9 45962 |a Arxiu |b Arxiu |d 2016-12-01 |l 0 |o H-1-264 |p 11522 |r 2016-12-01 00:00:00 |w 2016-12-01 |y ARXIU | ||
| 999 | |c 49463 |d 49463 | ||